| 000 | 00905nam a2200253 a 4500 | ||
|---|---|---|---|
| 001 | 54715 | ||
| 003 | BD-RjUL | ||
| 005 | 20211209080147.0 | ||
| 008 | 111609s1962 enk 001 0 eng | ||
| 035 | _a(BD-RjUL)54837 | ||
| 040 |
_aDLC _cDLC _dBD-RjUL _beng |
||
| 041 | _aeng | ||
| 082 |
_223 _a822.33 _bMAC 1962 |
||
| 100 | 1 |
_aMatthews, Honor. _9163138 |
|
| 245 | 1 | 0 |
_aCharacter & symbol in Shakespeare's plays : _ba study of certain Christian and pre-Christian elements in their structure and imagery / _cHonor Matthews |
| 246 | 3 | _aCharacter and symbol in Shakespeare's plays | |
| 260 |
_aCambridge : _bUniversity Press, _cc1962. |
||
| 300 |
_aviii, 211 p. ; _c23 cm. |
||
| 500 | _aInclude index | ||
| 600 | 1 | 0 |
_aShakespeare, William, _d1564-1616 _xCharacters. _9163140 |
| 600 | 1 | 0 |
_aShakespeare, William, _d1564-1616 _xCriticism and interpretation. _9162178 |
| 942 |
_2ddc _cBK |
||
| 999 |
_c54715 _d54715 |
||